| 000 | 01112nam a22002177a 4500 | ||
|---|---|---|---|
| 003 | OSt | ||
| 005 | 20160620105631.0 | ||
| 008 | 150407b xxu||||| |||| 00| 0 eng d | ||
| 040 | _cBMC | ||
| 082 | _a370 | ||
| 100 | 1 |
_935221 _aCampos de Estrada, Dionicia Andrea |
|
| 245 | 1 | 0 |
_aDesarrollo del programa desarrollo curricular de ciencia, salud y medio ambiente I y II _b: Informe final de proyecto _cDionicia Andrea Campos de Estrada |
| 260 |
_aSanta Ana (San Salvador) _bUniversidad Católica de El Salvador _c2009 |
||
| 300 |
_a2 v. _bil. _c28 cm _e+ 2 disco compacto |
||
| 500 | _aPrecede al tít.: Universidad Católica de El Salvador, Facultad de Ciencias y Humanidades | ||
| 500 | _aCD No. 1033614 contiene (v. 2) | ||
| 502 | _aTrabajo de graduación para optar al grado académico de Licenciatura en Ciencias de la Educación especialidad en Educación Básica Educación y Licenciatura en Ciencias de la Educación especialidad en Parvularia | ||
| 650 | 2 | 4 |
_9472 _aEducación |
| 710 | 2 |
_91075 _aUniversidad Católica de El Salvador _bFacultad de Ciencias y Humanidades |
|
| 942 |
_2ddc _cTG _hprozim |
||
| 999 |
_c21607 _d21607 |
||